Statistics for Manchester United Managers

Click here to take the quiz!

General Stats

  • This quiz has been taken 63 times
  • The average score is 7 of 21

Answer Stats

Answer% Correct
Alex Ferguson
97%
Louis Van Gaal
95%
David Moyes
95%
José Mourinho
93%
Matt Busby
71%
Ron Atkinson
48%
Tommy Docherty
28%
Dave Sexton
26%
Frank O'Farrell
21%
Jack Robson
16%
Wilf McGuinness
14%
John Chapman
10%
Ernest Mangnall
9%
A.H. Albut
7%
James West
5%
Walter Crickmer
5%
Herbert Bamlett
5%
Lal Hilditch
5%
Scott Duncan
5%
T. J. Wallworth
2%
John Bentley
0%

Score Distribution

Percentile by Number Answered

Percent of People with Each Score

Your Score History

You have not taken this quiz